|
|
|
|
| LEADER |
00000cam a2200000 7i4500 |
| 001 |
0000000032 |
| 005 |
20000624.0 |
| 020 |
0 |
0 |
|a 9836255273
|
| 090 |
0 |
0 |
|a 342.5950684
|b ABD 1997
|
| 100 |
0 |
0 |
|a ABDUL Aziz Hussin
|
| 245 |
1 |
0 |
|a Undang-undang berkaitan dengan rahsia rasmi :
|b Abdul Aziz Hussin
|
| 260 |
0 |
0 |
|a Kuala Lumpur :
|b DBP ,
|c 1997
|
| 300 |
|
|
|a xxvi, 151 p. ;
|c 23 cm.
|
| 500 |
0 |
0 |
|a Bibliography [p. 147-148] and index
|
| 650 |
0 |
0 |
|a Official secrets
|x Law and legislation
|z Malaysia
|
| 999 |
|
|
|a 0000001215
|b Monograph
|c Open Shelf
|e Default branch
|
| 999 |
|
|
|a 0000001216
|b Monograph
|c Open Shelf
|e Default branch
|